<?xml version="1.0" encoding="UTF-8"?>
<marc:record xmlns:marc="http://www.loc.gov/MARC21/slim">
   <marc:leader>00000nam a2200000 a 4500</marc:leader>
   <marc:datafield ind1="0" ind2="0" tag="245">
      <marc:subfield code="a">Lulatsch und Haudrauf</marc:subfield>
   </marc:datafield>
   <marc:datafield ind1="0" ind2="0" tag="245">
      <marc:subfield code="c">Christian Tielmann ; Jürgen Rieckhoff</marc:subfield>
   </marc:datafield>
   <marc:datafield ind1=" " ind2="1" tag="264">
      <marc:subfield code="a">Stuttgart</marc:subfield>
      <marc:subfield code="b">Thienemann</marc:subfield>
      <marc:subfield code="c">2009</marc:subfield>
   </marc:datafield>
   <marc:datafield ind1="1" ind2=" " tag="520">
      <marc:subfield code="a">Angaben aus der Verlagsmeldung

Lulatsch und Haudrauf - Auf Piratenjagd / von Christian Tielmann

Lulatsch und Haudrauf lieben Abenteuer. Deshalb haben sie auch „Das Büro für schwierige Fälle“ gegründet. Nur leider gibt es die so selten auf der Insel Trist!
Das ändert sich schlagartig, als ein Boot aus dem Nebel auftaucht. Prinzessin Luise braucht Hilfe. Käpten Kopfab und seine Piratenbande haben ihr Schiff und die Kronjuwelen geraubt. Schwierig - und deshalb genau das Richtige für Lulatsch und Haudrauf!
Spannende Piratengeschichte mit clever-glibbrigem Ende. Für kleine Abenteurer ab 4 Jahren
</marc:subfield>
   </marc:datafield>
   <marc:datafield ind1=" " ind2=" " tag="020">
      <marc:subfield code="a">9783522435871</marc:subfield>
      <marc:subfield code="9">9783522435871</marc:subfield>
   </marc:datafield>
   <marc:datafield ind1=" " ind2=" " tag="041">
      <marc:subfield code="a">ger</marc:subfield>
   </marc:datafield>
   <marc:datafield ind1=" " ind2=" " tag="300">
      <marc:subfield code="a">26] S.</marc:subfield>
   </marc:datafield>
</marc:record>
